[Event "Wch Blitz 4th"]
[Site "Moscow"]
[Date "2009.11.18"]
[Round "38"]
[White "Kosteniuk, Alexandra"]
[Black "Ponomariov, Ruslan"]
[Result "0-1"]
[WhiteElo "2517"]
[BlackElo "2739"]
[PlyCount "129"]
[EventDate "2009.11.16"]
[EventType "tourn (blitz)"]
[EventRounds "42"]
[EventCountry "RUS"]
[EventCategory "19"]
[SourceTitle "EXT 2010"]
[Source "ChessBase"]
[SourceDate "2010.11.25"]
[SourceVersion "1"]
[SourceVersionDate "2010.11.25"]
[SourceQuality "1"]

1. e4 e5 2. Nf3 Nc6 3. Bb5 a6 4. Ba4 Nf6 5. O-O Be7 6. Re1 b5 7. Bb3 d6 8. c3
O-O 9. h3 Nb8 10. d4 Nbd7 11. Nbd2 Bb7 12. Bc2 Re8 13. Nf1 Bf8 14. Ng3 g6 15.
a4 c5 16. d5 c4 17. Bg5 h6 18. Be3 Nc5 19. Qd2 h5 20. Ra3 Nfd7 21. Rea1 Qc7 22.
Qd1 Nb6 23. axb5 axb5 24. Ng5 Rxa3 25. Rxa3 h4 26. Nf1 Nba4 27. Qg4 f6 28. Nf3
g5 29. Nxh4 Bc8 30. Nf5 Qh7 31. N1g3 Nxb2 32. Nh5 Qg6 33. Ra8 Nbd3 34. h4 Bd7
35. Rxe8 Bxe8 36. Nhg3 gxh4 37. Qxh4 b4 38. cxb4 Nxb4 39. Bd1 Bf7 40. Bh5 Qh7
41. Qg4+ Kh8 42. Qh4 Nd7 43. Bxf7 Qxh4 44. Nxh4 c3 45. Ne2 c2 46. Nc1 Nc5 47.
Kf1 Ncd3 48. Ke2 Nxc1+ 49. Bxc1 Na2 50. Kd2 Bh6+ 51. Kxc2 Nxc1 52. Nf5 Bg5 53.
Nxd6 Ne2 54. Be8 Kg7 55. Nf5+ Kf8 56. Bh5 Nf4 57. g4 Nh3 58. d6 Nf4 59. d7 Ne6
60. Kb3 Nc5+ 61. Kc4 Nxd7 62. Kd5 Nb6+ 63. Ke6 Na4 64. f3 Nc5+ 65. Kd5 0-1

[Event "Wch Blitz 4th"]
[Site "Moscow"]
[Date "2009.11.18"]
[Round "39"]
[White "Grischuk, Alexander"]
[Black "Kosteniuk, Alexandra"]
[Result "1-0"]
[WhiteElo "2736"]
[BlackElo "2517"]
[PlyCount "101"]
[EventDate "2009.11.16"]
[EventType "tourn (blitz)"]
[EventRounds "42"]
[EventCountry "RUS"]
[EventCategory "19"]
[SourceTitle "EXT 2010"]
[Source "ChessBase"]
[SourceDate "2010.11.25"]
[SourceVersion "1"]
[SourceVersionDate "2010.11.25"]
[SourceQuality "1"]

1. d4 Nf6 2. c4 e6 3. Nc3 Bb4 4. e3 O-O 5. Bd3 d5 6. cxd5 exd5 7. Nge2 c5 8. a3
cxd4 9. axb4 dxc3 10. O-O Nc6 11. b5 Ne5 12. Nxc3 Qd6 13. h3 Rd8 14. Bc2 Be6
15. Ra4 Nc4 16. b3 Nb6 17. Rd4 Rac8 18. Bb2 Qc7 19. Bb1 Qe5 20. Ne2 Qg5 21. f4
Qh5 22. Qe1 Bd7 23. Bd3 Ne4 24. Ng3 Nxg3 25. Qxg3 f6 26. f5 Qe8 27. Rg4 Qe7 28.
Bd4 Be8 29. Rff4 h5 30. Rh4 Rc1+ 31. Rf1 Rdc8 32. Rhf4 Nd7 33. Rxc1 Rxc1+ 34.
Rf1 Rc8 35. Be2 b6 36. Qh4 Qf7 37. Qf4 Nc5 38. Rc1 Rd8 39. b4 Nb3 40. Rc7 Qf8
41. Bc3 Nc1 42. Bf1 Na2 43. Bd2 Bf7 44. Qd4 Rc8 45. Rc6 a5 46. bxa5 bxa5 47.
Bxa5 Re8 48. Bd2 Qa3 49. b6 Qb3 50. Rc7 Qb1 51. b7 1-0

[Event "Wch Blitz 4th"]
[Site "Moscow"]
[Date "2009.11.18"]
[Round "41"]
[White "Tkachiev, Vladislav"]
[Black "Kosteniuk, Alexandra"]
[Result "0-1"]
[WhiteElo "2642"]
[BlackElo "2517"]
[PlyCount "62"]
[EventDate "2009.11.16"]
[EventType "tourn (blitz)"]
[EventRounds "42"]
[EventCountry "RUS"]
[EventCategory "19"]
[SourceTitle "EXT 2010"]
[Source "ChessBase"]
[SourceDate "2010.11.25"]
[SourceVersion "1"]
[SourceVersionDate "2010.11.25"]
[SourceQuality "1"]

1. d4 Nf6 2. c4 e6 3. g3 d5 4. Bg2 dxc4 5. Qa4+ Nc6 6. Nf3 Bb4+ 7. Bd2 Qe7 8.
Ne5 Bxd2+ 9. Nxd2 O-O 10. Nxc6 bxc6 11. Nxc4 Rb8 12. O-O Nd5 13. Qxa7 Rb4 14.
Rfc1 Bb7 15. Na5 Ra8 16. Qc5 Rxb2 17. Nxb7 Rxb7 18. Qxc6 Rba7 19. Bxd5 exd5 20.
Qxd5 h6 21. e3 Ra5 22. Qc4 R8a7 23. Rc2 Qd7 24. Rac1 Rh5 25. Qc6 Qh3 26. Qg2
Qd7 27. h4 Rha5 28. Qc6 Qf5 29. Qe8+ Kh7 30. Rxc7 Rxa2 31. f4 Rxc7 0-1

[Event "Wch Blitz 4th"]
[Site "Moscow"]
[Date "2009.11.18"]
[Round "42"]
[White "Kosteniuk, Alexandra"]
[Black "Dominguez Perez, Leinier"]
[Result "0-1"]
[WhiteElo "2517"]
[BlackElo "2719"]
[PlyCount "68"]
[EventDate "2009.11.16"]
[EventType "tourn (blitz)"]
[EventRounds "42"]
[EventCountry "RUS"]
[EventCategory "19"]
[SourceTitle "EXT 2010"]
[Source "ChessBase"]
[SourceDate "2010.11.25"]
[SourceVersion "1"]
[SourceVersionDate "2010.11.25"]
[SourceQuality "1"]

1. e4 c5 2. Nf3 d6 3. d4 cxd4 4. Nxd4 Nf6 5. Nc3 a6 6. Bg5 e6 7. f4 Be7 8. Qf3
Qc7 9. O-O-O Nbd7 10. g4 h6 11. Bxf6 Bxf6 12. Bg2 g5 13. h4 gxf4 14. Nde2 Ne5
15. Qxf4 Bg7 16. Kb1 Bd7 17. g5 O-O-O 18. Rh3 Kb8 19. Nd4 Rc8 20. Nb3 hxg5 21.
hxg5 Rxh3 22. Bxh3 Nc4 23. Rd3 Nxb2 24. Kxb2 Bxc3+ 25. Kb1 Be5 26. Qd2 a5 27.
Bf1 Bb5 28. Rxd6 Bxf1 29. Rd7 Qb6 30. Rxf7 Bc4 31. Qxa5 Qg1+ 32. Nc1 Qd4 33. c3
Bd3+ 34. Kb2 Rxc3 0-1

[Event "World Cup ACP (Women) 1st"]
[Site "Konya"]
[Date "2009.12.01"]
[Round "2"]
[White "Kosteniuk, Alexandra"]
[Black "Zhukova, Natalia"]
[Result "1-0"]
[WhiteElo "2516"]
[BlackElo "2490"]
[PlyCount "74"]
[EventDate "2009.12.01"]
[EventType "tourn (rapid)"]
[EventRounds "11"]
[EventCountry "TUR"]
[EventCategory "5"]
[SourceTitle "CBM 133 Extra"]
[Source "ChessBase"]
[SourceDate "2010.01.05"]
[SourceVersion "1"]
[SourceVersionDate "2010.01.05"]
[SourceQuality "1"]

1. e4 e6 2. d4 d5 3. Nc3 Nc6 4. Nf3 Nf6 5. e5 Ne4 6. Bd3 Nxc3 7. bxc3 h6 8. Be3
Bd7 9. O-O Na5 10. Nd2 c5 11. dxc5 Qc7 12. Qg4 O-O-O 13. Nb3 Nc4 14. Bxc4 dxc4
15. Qxc4 Bc6 16. Qf4 Rd5 17. Bd4 f5 18. Qe3 g5 19. Nd2 f4 20. Qh3 Bxc5 21.
Qxe6+ Kb8 22. Nb3 Be7 23. Rad1 Rhd8 24. Qxh6 Qc8 25. e6 Ka8 26. Rfe1 b6 27. c4
R5d6 28. c3 Qb7 29. Qh3 Qa6 30. c5 bxc5 31. Nxc5 Qc4 32. Nd7 Qd5 33. Re5 Qc4
34. Ra5 R8xd7 35. exd7 Rxd7 36. Rb1 a6 37. Qh8+ Rd8 1-0

[Event "World Cup ACP (Women) 1st"]
[Site "Konya"]
[Date "2009.12.02"]
[Round "5"]
[White "Kosintseva, Tatiana"]
[Black "Kosteniuk, Alexandra"]
[Result "1-0"]
[WhiteElo "2497"]
[BlackElo "2516"]
[PlyCount "71"]
[EventDate "2009.12.01"]
[EventType "tourn (rapid)"]
[EventRounds "11"]
[EventCountry "TUR"]
[EventCategory "5"]
[SourceTitle "CBM 133 Extra"]
[Source "ChessBase"]
[SourceDate "2010.01.05"]
[SourceVersion "1"]
[SourceVersionDate "2010.01.05"]
[SourceQuality "1"]

1. e4 e5 2. Nf3 Nf6 3. d4 Nxe4 4. Bd3 d5 5. dxe5 Nc5 6. Nc3 Nc6 7. Bb5 a6 8.
Bxc6+ bxc6 9. Nd4 Bd7 10. O-O Ne6 11. f4 Nxd4 12. Qxd4 Bf5 13. Na4 Qb8 14. Be3
Qb5 15. b3 Ba3 16. c3 O-O 17. Rad1 Rfd8 18. Rf2 a5 19. h3 h5 20. Kh2 Be7 21.
Rg1 g6 22. g4 hxg4 23. hxg4 Be4 24. Kg3 Rf8 25. Rh2 f6 26. e6 Rae8 27. Qxe4 f5
28. Qd4 Bf6 29. Qd2 Rxe6 30. Bd4 Rfe8 31. Bxf6 Re3+ 32. Kh4 Kf7 33. Kg5 d4 34.
Rh7+ Ke6 35. Qxd4 fxg4+ 36. Nc5+ 1-0

[Event "World Cup ACP (Women) 1st"]
[Site "Konya"]
[Date "2009.12.02"]
[Round "8"]
[White "Kosteniuk, Alexandra"]
[Black "Yildiz Kadioglu, Betul Cemre"]
[Result "1-0"]
[WhiteElo "2516"]
[BlackElo "2214"]
[PlyCount "75"]
[EventDate "2009.12.01"]
[EventType "tourn (rapid)"]
[EventRounds "11"]
[EventCountry "TUR"]
[EventCategory "5"]
[SourceTitle "CBM 133 Extra"]
[Source "ChessBase"]
[SourceDate "2010.01.05"]
[SourceVersion "1"]
[SourceVersionDate "2010.01.05"]
[SourceQuality "1"]

1. e4 e5 2. Nf3 Nc6 3. Bb5 a6 4. Ba4 Nf6 5. O-O b5 6. Bb3 Bb7 7. d3 Be7 8. a4
O-O 9. Re1 d6 10. Nbd2 Nd7 11. c3 Nc5 12. axb5 axb5 13. Rxa8 Bxa8 14. Bc2 Ne6
15. Nf1 Ng5 16. Ng3 Nxf3+ 17. Qxf3 Bg5 18. Be3 Bxe3 19. fxe3 Ne7 20. d4 c5 21.
Qf2 Bc6 22. Rf1 Qc7 23. Bb3 c4 24. Bc2 Qa5 25. Qd2 Qa7 26. Bd1 Qb7 27. Bf3 Re8
28. Bh5 Ng6 29. Nf5 Qc7 30. d5 Bd7 31. Qf2 Bxf5 32. exf5 Ne7 33. f6 Nxd5 34.
fxg7 Re7 35. Ra1 Nb6 36. Qf6 Rd7 37. Bg4 Rd8 38. Bf5 1-0

[Event "World Cup ACP (Women) 1st"]
[Site "Konya"]
[Date "2009.12.03"]
[Round "9"]
[White "Ozturk, Kubra"]
[Black "Kosteniuk, Alexandra"]
[Result "0-1"]
[WhiteElo "2256"]
[BlackElo "2516"]
[PlyCount "103"]
[EventDate "2009.12.01"]
[EventType "tourn (rapid)"]
[EventRounds "11"]
[EventCountry "TUR"]
[EventCategory "5"]
[SourceTitle "CBM 133 Extra"]
[Source "ChessBase"]
[SourceDate "2010.01.05"]
[SourceVersion "1"]
[SourceVersionDate "2010.01.05"]
[SourceQuality "1"]

1. d4 Nf6 2. c4 e6 3. Nf3 c5 4. Nc3 cxd4 5. Nxd4 Bb4 6. Qc2 Qc7 7. e3 Nc6 8.
Ndb5 Qb8 9. a3 Be7 10. Ne4 Nxe4 11. Qxe4 O-O 12. Qc2 b6 13. Bd3 f5 14. O-O Bb7
15. b4 a6 16. Nd4 Bd6 17. f4 Nxd4 18. exd4 Rc8 19. Be3 Be7 20. Rac1 a5 21. Qb2
axb4 22. axb4 Ra4 23. c5 Bd5 24. Ra1 Rxa1 25. Qxa1 bxc5 26. bxc5 Qb3 27. Qd1
Qa3 28. Bf2 Rb8 29. Re1 Bf6 30. Bf1 Qa2 31. Qe2 Rb2 32. Qe3 Qa4 33. Be2 Qb4 34.
Rd1 Rb3 35. Qd2 Qb7 36. Bf1 Be4 37. Rc1 Rb2 38. Qc3 Qb8 39. Rd1 Rc2 40. Qe3 Qb2
41. h3 Qa2 42. g3 Rb2 43. Bg2 Qa4 44. Rd2 Rb3 45. Qe2 Qa1+ 46. Kh2 Qc3 47. Bxe4
fxe4 48. Rc2 Qd3 49. Rd2 Qb1 50. c6 dxc6 51. Qc4 Kf7 52. Qxc6 0-1

[Event "World Cup ACP (Women) 1st"]
[Site "Konya"]
[Date "2009.12.03"]
[Round "10"]
[White "Kosteniuk, Alexandra"]
[Black "Javakhishvili, Lela"]
[Result "1-0"]
[WhiteElo "2516"]
[BlackElo "2463"]
[PlyCount "107"]
[EventDate "2009.12.01"]
[EventType "tourn (rapid)"]
[EventRounds "11"]
[EventCountry "TUR"]
[EventCategory "5"]
[SourceTitle "CBM 133 Extra"]
[Source "ChessBase"]
[SourceDate "2010.01.05"]
[SourceVersion "1"]
[SourceVersionDate "2010.01.05"]
[SourceQuality "1"]

1. e4 c5 2. Nf3 e6 3. d4 cxd4 4. Nxd4 a6 5. Nc3 b5 6. Bd3 Qb6 7. Nf3 Qc7 8. O-O
Nc6 9. Re1 d6 10. Bf4 Ne5 11. a4 b4 12. Na2 Rb8 13. Nxe5 dxe5 14. Be3 Nf6 15.
Nc1 Be7 16. Nb3 O-O 17. a5 Nd7 18. Qg4 Re8 19. Nd2 Nc5 20. Bc4 Kh8 21. b3 Rf8
22. Qh5 Bb7 23. Nf3 Bxe4 24. Nxe5 g6 25. Qe2 Bb7 26. Ng4 Qc6 27. f3 f6 28. Kh1
h5 29. Nf2 e5 30. Bc1 Ne6 31. Nd3 Nd4 32. Qe3 Nf5 33. Qf2 Kh7 34. Bb2 Bd6 35.
Rad1 Rbe8 36. Qb6 Qxb6 37. axb6 h4 38. Nf2 Bc5 39. Ne4 Bd4 40. Bxd4 exd4 41.
Nxf6+ Rxf6 42. Rxe8 h3 43. Bf1 Rxb6 44. Rde1 hxg2+ 45. Bxg2 Kh6 46. f4 Bxg2+
47. Kxg2 Rc6 48. R1e2 Ne3+ 49. Kf3 Nxc2 50. R2e7 g5 51. f5 g4+ 52. Kf4 Kh5 53.
Rh8+ Rh6 54. Reh7 1-0

[Event "World Cup ACP (Women) 1st"]
[Site "Konya"]
[Date "2009.12.03"]
[Round "11"]
[White "Cmilyte, Viktorija"]
[Black "Kosteniuk, Alexandra"]
[Result "0-1"]
[WhiteElo "2497"]
[BlackElo "2516"]
[PlyCount "120"]
[EventDate "2009.12.01"]
[EventType "tourn (rapid)"]
[EventRounds "11"]
[EventCountry "TUR"]
[EventCategory "5"]
[SourceTitle "CBM 133 Extra"]
[Source "ChessBase"]
[SourceDate "2010.01.05"]
[SourceVersion "1"]
[SourceVersionDate "2010.01.05"]
[SourceQuality "1"]

1. d4 Nf6 2. c4 e6 3. Nc3 Bb4 4. Qc2 d5 5. cxd5 Qxd5 6. Nf3 Qf5 7. Qb3 c5 8. a3
Ba5 9. dxc5 Qxc5 10. Be3 Bxc3+ 11. bxc3 Qe7 12. g3 Nc6 13. Bg2 O-O 14. O-O Nd5
15. Bg5 Qc5 16. Rfc1 Na5 17. Qc2 Nc4 18. e4 Ndb6 19. a4 h6 20. Bd2 e5 21. a5
Nd7 22. Bf1 Nxa5 23. Be3 Qc7 24. c4 b6 25. Nh4 Nc5 26. Rab1 Bd7 27. Nf5 Bc6 28.
Bg2 h5 29. Qe2 g6 30. Bxc5 bxc5 31. Qe3 f6 32. Nh4 Be8 33. Bh3 Qe7 34. Qh6 Qg7
35. Qd2 Nc6 36. Qd5+ Kh8 37. Qxc5 Nd4 38. Rd1 Ba4 39. Rxd4 exd4 40. Qxd4 Rad8
41. Qe3 Bd7 42. Bg2 Be6 43. c5 Rfe8 44. c6 g5 45. Rb7 Rd1+ 46. Bf1 Qg8 47. Qe2
Bg4 48. Qb2 Qe6 49. Ng2 Qxc6 50. Ne3 Rd7 51. Rb8 Rxb8 52. Qxb8+ Kg7 53. Bb5 Rb7
54. Bxc6 Rxb8 55. Kg2 a5 56. h3 Be6 57. Nd5 Rb2 58. Kf3 Bxd5 59. Bxd5 a4 60. e5
a3 0-1

[Event "Gibraltar Masters 8th"]
[Site "Caleta"]
[Date "2010.01.29"]
[Round "4"]
[White "Fridman, Daniel"]
[Black "Kosteniuk, Alexandra"]
[Result "1-0"]
[WhiteElo "2654"]
[BlackElo "2523"]
[PlyCount "73"]
[EventDate "2010.01.26"]
[EventType "swiss"]
[EventRounds "10"]
[EventCountry "GGB"]
[SourceTitle "CBM 134 Extra"]
[Source "ChessBase"]
[SourceDate "2010.03.03"]
[SourceVersion "1"]
[SourceVersionDate "2010.03.03"]
[SourceQuality "1"]

1. Nf3 Nf6 2. c4 e6 3. g3 d5 4. b3 c5 5. Bg2 Nc6 6. O-O Be7 7. e3 b6 8. Bb2 O-O
9. Nc3 Bb7 10. cxd5 exd5 11. d4 Qd7 12. Ne5 Qe6 13. Nb5 Rfc8 14. f4 Bf8 15. g4
a6 16. g5 axb5 17. gxf6 Qxf6 18. Bxd5 Nd8 19. Bxb7 Nxb7 20. Qf3 Rc7 21. dxc5
bxc5 22. Rf2 Qf5 23. e4 Qc8 24. Ng4 Ra6 25. Rg2 Rcc6 26. Kh1 c4 27. bxc4 bxc4
28. Qc3 Qe6 29. f5 Qd6 30. e5 Qd3 31. e6 Qxc3 32. Nh6+ Kh8 33. Nxf7+ Kg8 34.
Nh6+ Kh8 35. Bxc3 Rc7 36. Re1 Ra3 37. f6 1-0

[Event "Gibraltar Masters 8th"]
[Site "Caleta"]
[Date "2010.01.31"]
[Round "6"]
[White "Kosteniuk, Alexandra"]
[Black "Saravanan, Venkat"]
[Result "1/2-1/2"]
[WhiteElo "2523"]
[BlackElo "2356"]
[PlyCount "116"]
[EventDate "2010.01.26"]
[EventType "swiss"]
[EventRounds "10"]
[EventCountry "GGB"]
[SourceTitle "CBM 134 Extra"]
[Source "ChessBase"]
[SourceDate "2010.03.03"]
[SourceVersion "1"]
[SourceVersionDate "2010.03.03"]
[SourceQuality "1"]

1. e4 e5 2. Nf3 Nc6 3. Bb5 a6 4. Ba4 Nf6 5. O-O Bc5 6. c3 b5 7. Bb3 d6 8. d4
Bb6 9. a4 Bg4 10. h3 Bh5 11. Qd3 exd4 12. axb5 axb5 13. Rxa8 Qxa8 14. Bg5 Bxf3
15. Qxf3 Ne5 16. Qf5 O-O 17. Bxf6 gxf6 18. Rd1 Qa1 19. cxd4 Bxd4 20. Nc3 Qxb2
21. Nd5 Ng6 22. Nxc7 Bb6 23. Nd5 Qxb3 24. Nxf6+ Kh8 25. Rxd6 Bd8 26. Nd5 Qb2
27. Ne3 Be7 28. Rd7 b4 29. Ng4 Kg7 30. g3 Rd8 31. Rb7 Qc1+ 32. Kg2 Qc6 33. Ra7
Qe6 34. h4 Re8 35. h5 Nf8 36. Qf4 h6 37. Ne5 Kg8 38. Rb7 Bd6 39. Qxf7+ Qxf7 40.
Nxf7 Bc5 41. Nxh6+ Kh8 42. e5 Re6 43. Nf7+ Kg8 44. f4 Re7 45. Nh6+ Kh7 46. Rb5
Kxh6 47. Rxc5 Rb7 48. Rc1 Kxh5 49. Kf3 b3 50. g4+ Kg6 51. f5+ Kf7 52. Ke4 b2
53. Rb1 Nh7 54. Kd3 Rb5 55. e6+ Kf6 56. Kc3 Ng5 57. Rxb2 Rxb2 58. Kxb2 Nxe6
1/2-1/2

[Event "Gibraltar Masters 8th"]
[Site "Caleta"]
[Date "2010.02.01"]
[Round "7"]
[White "Lovik, Lasse Ostebo"]
[Black "Kosteniuk, Alexandra"]
[Result "1/2-1/2"]
[WhiteElo "2343"]
[BlackElo "2523"]
[PlyCount "64"]
[EventDate "2010.01.26"]
[EventType "swiss"]
[EventRounds "10"]
[EventCountry "GGB"]
[SourceTitle "CBM 134 Extra"]
[Source "ChessBase"]
[SourceDate "2010.03.03"]
[SourceVersion "1"]
[SourceVersionDate "2010.03.03"]
[SourceQuality "1"]

1. e4 c5 2. Nf3 d6 3. d4 cxd4 4. Nxd4 Nf6 5. Nc3 Nc6 6. Bg5 e6 7. Qd2 a6 8.
O-O-O Bd7 9. f3 Be7 10. Kb1 Qc7 11. g4 b5 12. Nxc6 Bxc6 13. Bd3 h6 14. Be3 Nd7
15. Ne2 d5 16. Bf4 e5 17. Bg3 Qb7 18. exd5 Bxd5 19. Bf5 Nb6 20. Bxe5 O-O 21.
Rhg1 Rfd8 22. Qc1 Nc4 23. Bxg7 Kxg7 24. g5 hxg5 25. Rxg5+ Bxg5 26. Qxg5+ Kf8
27. Nf4 Rd6 28. Qh4 Qc6 29. Qh8+ Ke7 30. Qh4+ Kf8 31. Qh8+ Ke7 32. Qh4+ Kf8
1/2-1/2

[Event "Gibraltar Masters 8th"]
[Site "Caleta"]
[Date "2010.02.02"]
[Round "8"]
[White "Zozulia, Anna"]
[Black "Kosteniuk, Alexandra"]
[Result "0-1"]
[WhiteElo "2321"]
[BlackElo "2523"]
[PlyCount "64"]
[EventDate "2010.01.26"]
[EventType "swiss"]
[EventRounds "10"]
[EventCountry "GGB"]
[SourceTitle "CBM 134 Extra"]
[Source "ChessBase"]
[SourceDate "2010.03.03"]
[SourceVersion "1"]
[SourceVersionDate "2010.03.03"]
[SourceQuality "1"]

1. e4 c5 2. Nf3 d6 3. d4 cxd4 4. Nxd4 Nf6 5. Nc3 Nc6 6. Be2 e5 7. Nb3 Be7 8.
Bg5 O-O 9. Bxf6 Bxf6 10. Nd5 Bg5 11. O-O a5 12. a4 f5 13. exf5 Bxf5 14. c3 Ne7
15. Bd3 Nxd5 16. Bxf5 Nf4 17. Bg4 Kh8 18. g3 Ng6 19. Bf3 Qb6 20. Bg2 Rxf2 21.
Rxf2 Rf8 22. Nd4 Be3 23. Kh1 Rxf2 24. Nb5 Bc5 25. Qd5 Qc6 26. Qxc6 bxc6 27.
Bxc6 Ne7 28. Bg2 Rxb2 29. Rf1 g6 30. g4 g5 31. Rd1 Ng6 32. Bc6 Nf4 0-1

[Event "Gibraltar Masters 8th"]
[Site "Caleta"]
[Date "2010.02.03"]
[Round "9"]
[White "Kosteniuk, Alexandra"]
[Black "Zhukova, Natalia"]
[Result "0-1"]
[WhiteElo "2523"]
[BlackElo "2462"]
[PlyCount "94"]
[EventDate "2010.01.26"]
[EventType "swiss"]
[EventRounds "10"]
[EventCountry "GGB"]
[SourceTitle "CBM 134 Extra"]
[Source "ChessBase"]
[SourceDate "2010.03.03"]
[SourceVersion "1"]
[SourceVersionDate "2010.03.03"]
[SourceQuality "1"]

1. e4 e6 2. d4 d5 3. Nc3 Nf6 4. Bg5 Bb4 5. e5 h6 6. Be3 Ne4 7. Qg4 g6 8. a3
Bxc3+ 9. bxc3 c5 10. Bd3 h5 11. Qf3 Nxc3 12. dxc5 d4 13. Bd2 Nc6 14. Qf4 g5 15.
Qxg5 Qxg5 16. Bxg5 Nxe5 17. Bf6 Nxd3+ 18. cxd3 Rg8 19. Bxd4 Nd5 20. g3 Bd7 21.
Nf3 Bc6 22. Ne5 Nb4 23. Nxc6 Nc2+ 24. Kd2 Nxa1 25. Na5 b6 26. Rxa1 bxa5 27. Rb1
Rg5 28. Rb5 Rd5 29. Be3 O-O-O 30. Ke2 Rxd3 31. Rxa5 Kb7 32. c6+ Kxc6 33. Ra6+
Kb5 34. Rxa7 R3d7 35. Rxd7 Rxd7 36. h4 e5 37. Bg5 f5 38. Bf6 Rd5 39. Be7 Kc4
40. Bf8 Rd7 41. Bb4 Rd3 42. Be7 Rb3 43. Bf8 Kd4 44. Bd6 Kd5 45. Bb4 Ke4 46. Kd1
Rb2 47. Bd2 Kd3 0-1

[Event "Gibraltar Masters 8th"]
[Site "Caleta"]
[Date "2010.02.04"]
[Round "10"]
[White "Degtiarev, Evgeny"]
[Black "Kosteniuk, Alexandra"]
[Result "0-1"]
[WhiteElo "2374"]
[BlackElo "2523"]
[PlyCount "142"]
[EventDate "2010.01.26"]
[EventType "swiss"]
[EventRounds "10"]
[EventCountry "GGB"]
[SourceTitle "CBM 134 Extra"]
[Source "ChessBase"]
[SourceDate "2010.03.03"]
[SourceVersion "1"]
[SourceVersionDate "2010.03.03"]
[SourceQuality "1"]

1. d4 Nf6 2. c4 e6 3. Nf3 b6 4. Nc3 Bb7 5. a3 d5 6. cxd5 Nxd5 7. Qc2 Nxc3 8.
bxc3 Be7 9. e4 O-O 10. Bd3 c5 11. O-O Qc7 12. Qe2 Nd7 13. Rd1 Rfe8 14. h4 h6
15. Bb5 Bc6 16. Bxc6 Qxc6 17. Bf4 Nf6 18. Re1 Rac8 19. Ne5 Qa4 20. Qe3 cxd4 21.
cxd4 Bf8 22. g4 Qa5 23. Bxh6 Red8 24. Qf4 Rxd4 25. Bxg7 Bxg7 26. g5 Qd2 27. Re3
Rc1+ 28. Rxc1 Qxc1+ 29. Kg2 Rd1 30. gxf6 Rg1+ 31. Kf3 Qd1+ 32. Re2 Re1 33. Qd2
Qxd2 34. Rxd2 Bxf6 35. Ng4 Bxh4 36. Rd7 a5 37. Nh6+ Kg7 38. Nxf7 Ra1 39. Ne5+
Kf8 40. Rd3 Ra2 41. Kg4 Be7 42. Nc4 Bc5 43. f4 Rg2+ 44. Kh5 Kf7 45. Ne5+ Ke8
46. f5 exf5 47. exf5 Ke7 48. Rf3 Ra2 49. f6+ Ke6 50. Nc4 a4 51. f7 b5 52. Na5
Bf8 53. Nc6 Rxa3 54. Rf1 Rc3 55. Nd4+ Kd7 56. Rd1 Rc5+ 57. Kg4 Ke7 58. Kf3 Kxf7
59. Ke4 Bg7 60. Nf5 Be5 61. Ne3 Ke6 62. Rd8 Bb2 63. Ra8 a3 64. Ra6+ Kd7 65. Kd3
Kc7 66. Nc2 Kb7 67. Ra5 Kb6 68. Ra8 Rc3+ 69. Kd2 Rb3 70. Kd1 Rh3 71. Kd2 Kb7
0-1

[Event "FRA-ch blitz"]
[Site "Paris"]
[Date "2010.??.??"]
[Round "4"]
[White "Manoeuvre, Antoine"]
[Black "Kosteniuk, Alexandra"]
[Result "0-1"]
[WhiteElo "2210"]
[BlackElo "2540"]
[PlyCount "84"]
[EventDate "2010.02.??"]
[EventType "tourn (blitz)"]
[EventRounds "13"]
[EventCountry "FRA"]
[SourceTitle "EXT 2011"]
[Source "ChessBase"]
[SourceDate "2010.11.26"]
[SourceVersion "1"]
[SourceVersionDate "2010.11.26"]
[SourceQuality "1"]

1. d4 Nf6 2. c4 e6 3. Nc3 Bb4 4. Qc2 d5 5. cxd5 Qxd5 6. Nf3 Qf5 7. Qxf5 exf5 8.
Bd2 c6 9. a3 Ba5 10. e3 Be6 11. Bd3 g6 12. O-O Nbd7 13. Nd5 Bxd2 14. Nxf6+ Nxf6
15. Nxd2 Ke7 16. Rac1 Rhd8 17. Rc5 Nd7 18. Rc3 Nb6 19. Rfc1 f4 20. Nf3 fxe3 21.
fxe3 Nd5 22. Rb3 Rab8 23. e4 Nf4 24. Rbc3 Nxd3 25. Rxd3 f6 26. Kf2 Rd7 27. Ke3
Rbd8 28. Rc5 Rd6 29. Ra5 a6 30. Rc5 b6 31. Rcc3 a5 32. Nd2 b5 33. Rc5 a4 34.
Nf3 Bc4 35. Rc3 Kd7 36. Nd2 Bg8 37. Nf3 Re8 38. Kf4 g5+ 39. Ke3 Bd5 40. e5 g4
41. Kf4 gxf3 42. exd6 f2 0-1

[Event "FRA-ch blitz"]
[Site "Paris"]
[Date "2010.??.??"]
[Round "5"]
[White "Feller, Sebastien"]
[Black "Kosteniuk, Alexandra"]
[Result "1-0"]
[WhiteElo "2570"]
[BlackElo "2540"]
[PlyCount "119"]
[EventDate "2010.02.??"]
[EventType "tourn (blitz)"]
[EventRounds "13"]
[EventCountry "FRA"]
[SourceTitle "EXT 2011"]
[Source "ChessBase"]
[SourceDate "2010.11.26"]
[SourceVersion "1"]
[SourceVersionDate "2010.11.26"]
[SourceQuality "1"]

1. d4 Nf6 2. c4 e6 3. Nf3 d5 4. g3 Bb4+ 5. Bd2 a5 6. Bg2 dxc4 7. Nc3 O-O 8. O-O
Nc6 9. Bg5 h6 10. Bxf6 Qxf6 11. e3 a4 12. Nd2 a3 13. Nce4 Qe7 14. bxa3 Bxd2 15.
Nxd2 c3 16. Nc4 Na5 17. Ne5 Qxa3 18. Qd3 c5 19. Rfc1 cxd4 20. Qxd4 c2 21. Be4
Ra6 22. Bxc2 Nc6 23. Qd3 Qxd3 24. Nxd3 Rd8 25. Nc5 Ra5 26. Bb3 Nb4 27. Rc4 Nd5
28. Rd1 b6 29. Na4 Ba6 30. Rcd4 Rb8 31. Bxd5 exd5 32. Rb4 Bc4 33. Nxb6 Bxa2 34.
Nxd5 Rd8 35. Ne7+ Kf8 36. Rxd8+ Kxe7 37. Rd1 Bd5 38. e4 Bc6 39. f3 Ra2 40. Rbd4
Ba4 41. R1d2 Ra1+ 42. Kf2 Bc6 43. Ke3 Bb5 44. Rb2 Ra3+ 45. Kf2 Bc6 46. Rc4 Bd7
47. Rb7 Ke6 48. Rd4 Ra2+ 49. Ke3 Be8 50. Rb6+ Ke7 51. Rd5 Ra3+ 52. Rd3 Ra2 53.
h4 Rg2 54. g4 Rh2 55. h5 Ra2 56. Rc3 Kd7 57. Rb7+ Ke6 58. Rcc7 Ra3+ 59. Kf4 g5+
60. hxg6 1-0

[Event "FRA-ch blitz"]
[Site "Paris"]
[Date "2010.??.??"]
[Round "7"]
[White "Demuth, Adrien"]
[Black "Kosteniuk, Alexandra"]
[Result "1-0"]
[WhiteElo "2387"]
[BlackElo "2540"]
[PlyCount "105"]
[EventDate "2010.02.??"]
[EventType "tourn (blitz)"]
[EventRounds "13"]
[EventCountry "FRA"]
[SourceTitle "EXT 2011"]
[Source "ChessBase"]
[SourceDate "2010.11.26"]
[SourceVersion "1"]
[SourceVersionDate "2010.11.26"]
[SourceQuality "1"]

1. d4 Nf6 2. c4 e6 3. Nf3 d5 4. Nc3 dxc4 5. e4 Bb4 6. Bg5 c5 7. e5 cxd4 8. Nxd4
Bxc3+ 9. bxc3 Qa5 10. exf6 Qxg5 11. fxg7 Qxg7 12. Qd2 O-O 13. Bxc4 Nd7 14. O-O
Nb6 15. Bb3 Rd8 16. f4 Nd5 17. Rad1 Bd7 18. f5 Bc6 19. fxe6 Nxc3 20. Rxf7 Qxd4+
21. Qxd4 Rxd4 22. Re1 Bd5 23. Re3 Bxb3 24. axb3 Ne4 25. g4 Rc8 26. Rf4 Rd1+ 27.
Kg2 Rd2+ 28. Kh3 Ng5+ 29. Kh4 h6 30. Kh5 Rxh2+ 31. Kg6 Re8 32. e7 Rd2 33. Kxh6
Nf7+ 34. Kh5 Rh2+ 35. Kg6 Rh6+ 36. Kf5 Nd6+ 37. Kg5 Kg7 38. Rf8 Nf7+ 39. Rxf7+
Kxf7 40. Kxh6 Rh8+ 41. Kg5 Ke8 42. Kf5 Rh7 43. Kf6 Rh6+ 44. Kg5 Rh7 45. Kf6
Rf7+ 46. Kg6 Rxe7 47. Rxe7+ Kxe7 48. g5 a5 49. Kh7 Kd6 50. g6 Kc5 51. g7 Kb4
52. g8=Q b5 53. Qd5 1-0